000
00334nam a2200145 a 4500
008
150514s1992|||| d
245
1
0
_a
Ľudstvo hľadá Boha
250
_a
1. vydanie
260
_b
Watch Tower Bible ...
_a
New York
_c
1992
300
_a
376 s.
020
_c
0
041
_a
slo
044
_a
xo
_c
SK
958
_a
APR
999
_c
20844
_d
20844